000 nam a22 7a 4500
999 _c234864
_d234864
003 Nust
005 20170331123252.0
008 170331b xxu||||| |||| 00| 0 eng d
022 _2978-8120-34104-3
040 _cDLC
082 _a624.1821 SHI
100 _4Shiyekar, M. R.
245 _aLimit State Design in Structural Steel
942 _2ddc
_cBK